LEADER 00776cam0 22002653 450 001 SOB008459 005 20230704092540.0 010 $a8814093113 100 $a20040211d2002 |||||ita|0103 ba 101 $aita 102 $aIT 200 1 $a<>frode fiscale$fBaldassare Santamaria 205 $a3. ed 210 $aMilano$cGiuffrè$d2002 215 $aX, 671 p.$d24 cm 700 1$aSantamaria$b, Baldassarre$3AF00003786$4070$0145267 801 0$aIT$bUNISOB$c20230704$gRICA 850 $aUNISOB 852 $aUNISOB$j340$m108516 912 $aSOB008459 940 $aM 102 Monografia moderna SBN 941 $aM 957 $a340$b003425$gSI$d108516$1rovito$2UNISOB$3UNISOB$420230704092527.0$520230704092540.0$6rovito 996 $aFrode fiscale$962874 997 $aUNISOB